Les méthodes directes en géométrie différentielle /
Guardado en:
| Autor Principal: | |
|---|---|
| Formato: | Libro |
| Idioma: | French |
| Publicado: |
Paris :
Hermann,
1941.
|
| Series: | Actualités scientifiques et industrielles ;
886 Exposés d'analyse générale ; 13 |
| Etiquetas: |
Agregar Etiqueta
Sin Etiquetas, Sea el primero en etiquetar este registro!
|
| LEADER | 00568nam a22001695a 4500 | ||
|---|---|---|---|
| 001 | MAT.inmabb000558 | ||
| 008 | 031118s1941####fr############001#0#fre#d | ||
| 005 | 20170801151603.0 | ||
| 245 | 1 | 4 | |a Les méthodes directes en géométrie différentielle / |c par Christian Pauc. |
| 260 | |a Paris : |b Hermann, |c 1941. | ||
| 300 | |a p. 82-139 | ||
| 440 | 0 | |a Actualités scientifiques et industrielles ; |v 886 | |
| 440 | 0 | |a Exposés d'analyse générale ; |v 13 | |
| 510 | 4 | |a MR, |c MR0012737 | |
| 100 | 1 | |a Pauc, Christian Y. | |
| 084 | |a 53-XX |a 49-XX |2 msc2000 | ||
| 859 | |h 53 |i P323 |p A-352 |b BIB. MATEMATICA | ||
